Datum a čas kvízu
36
Celkem bodů
Celkový počet nahraných bodů na tomto kvízu bez doplňovacích otázek.
3.
Pořadí na kvízu
Konečné umístění týmu na tomto kvízu.
Zaznamenané odpovědi
| # | Otázka | Odpověď | Body | Výsledky |
|---|---|---|---|---|
| 1. | V centru Ústí nad Labem byla p... | hadr | 1 | |
| 2. | Polský velmistr Jan-Krzystof D... | nepodal mu ruku | 1 | |
| 3. | Kterou legendární hru, konkrét... | Tetris | 1 | |
| 4. | Společnost Microsoft se rozhod... | Copilot | 1 | |
| 5. | Kolik gólů během posledních dv... | 4 branky | 1 | |
| 6. | Rok 2023 je již za námi, spole... | D | 1 | |
| 7. | Mnoho let se tvůrci pokoušeli... | One Piece; Netflix | 1 | |
| 8. | Do zákulisí kterého legendární... | Tour de France | 0 | |
| 9. | Na motivy díla kterého americk... | E. A. Poe | 0 | |
| 10. | V poslední otázce se podíváme... | Dobré ráno, Brno! | 0 |